Регионална библиотека "Любен Каравелов" - Русе

Тайните на Кавендън (Запис номер 322735)

MARC детайли
000 -Лидер
Контролно поле с фиксирана дължина 01179naa a2200301 a 4500
003 - Код на организацията, давaща контролен номер
Контролно поле BLK
005 - Дата и час на последна редакция
Контролно поле 20250729103755.0
008 - Елементи от данни с фиксирана дължина
fixed length control field 180831b bul||||| |||| 00| 0 bul d
020 ## - Международен стандартен номер на книга ISBN
Международен стандартен номер на книга ISBN 9789544093853
040 ## - Източник на каталожния запис
Идентификатор на билиотеката - собственик на записа BLK
041 ## - Код за език
Код за езика на текст/звукозапис или на отделно заглавие Български
Код за езика КДБФ Български
080 ## - УДК
Текстов определител УДК Английска литература
УДК код - определител по УДК 821.111
УДК определител -31
УДК - код + определител 821.111-31
100 ## - Редна дума - Автор
Автор Бредфорд, Барбара Тейлър
Авторска отговорност първи автор
R(LIN) 1299
139 ## - Редно поле
Авторски знак Бр - Б 75
Редна дума Бредфорд, Барбара Тейлър
245 ## - Сведения за заглавието
Заглавие Тайните на Кавендън
Редно поле (дума) Барбара Тейлър Брадфорд ; Прев. от англ. Нина Рашкова
260 ## - Област на издателските данни
Име на издателя, разпространителя и проч. Плеяда
Година на издаване 2018
Място на издаване, разпространение и проч. София
300 ## - Физическа характеристика
Страници 303 с.
Размери/Мащаб 20 см
380 ## - Жанр
Жанр Худож. лит.
490 ## - СЕРИИ (Колекции)
9 (RLIN) 201254
Име на серия Поредица Пеперуда : Съвременна романтична проза
500 ## - Общи забележки
Забележка Ориг. загл. Secrets of Cavendon / Barbara Taylor Bradford
700 ## - Други автори (авторска отговорност)
Лично име Рашкова, Нина Николаева
Дати, свързани с автора 1947-
9 (RLIN) 383502
765 ## - Описание на заглавието на оригиналният език
Редна дума на основното описание Secrets of Cavendon
852 ## - Местоположение
Форматна сигнатура Цб 293127
999 ## - СИСТЕМНИ КОНТРОЛНИ НОМЕРА
Koha biblionumber 322735
Koha biblioitemnumber 322735
942 ## - АРТИКУЛИ
Вид на библиотечния материал Книги
Източник на класификационната схема Universal Decimal Classification
Скрит в OPAC Не
Koha issues (borrowed), all copies 95
999 ## - СИСТЕМНИ КОНТРОЛНИ НОМЕРА
Koha biblioitemnumber 322735
999 ## - СИСТЕМНИ КОНТРОЛНИ НОМЕРА
Koha biblioitemnumber 322735
944 ## - СЪЗДАВАНЕ И РЕДАКЦИЯ на ЗАПИСА
Служител, извършил регистрацията/редакцията 30564
Статус, дата на статуса Анна Гръцманова
Наличности
Код за отписване Код за изгубен артикул Източник на класификационната схема Код за повреда Коз за рестрикции Код за отдаване Артикулен № Име на библиотеката - собственик Име на библиотеката, в която се намира в момента Статус (Текущо местоположение) Дата на вписване в системата Местоположение - отдел Цена в лева Инвентарен номер Систематично азбучна сигнатура Баркод Цена в евро Служебен тип на артикула
  Не е изгубен Universal Decimal Classification Не е повреден без рестрикции заемане за дома 677074 Регионална библиотека "Любен Каравелов" Русе Регионална библиотека "Любен Каравелов" Русе Заемна - подръчен фонд 2018-06-01 Заемна - подръчен фонд 13.51 120000820766 П 820-31/Б 80 120000820766 6.91 Книги
  Не е изгубен Universal Decimal Classification Не е повреден без рестрикции заемане за дома 681472 Регионална библиотека "Любен Каравелов" Русе Регионална библиотека "Любен Каравелов" Русе Заемна - подръчен фонд 2018-10-17 Заемна - подръчен фонд 18.00 120000825137 П 820-31/Б 80 120000825137 9.20 Книги
  Не е изгубен Universal Decimal Classification Не е повреден без рестрикции ползва се в читалня 689211 Регионална библиотека "Любен Каравелов" Русе Регионална библиотека "Любен Каравелов" Русе Хранилище 2019-02-12 Хранилище 18.00   Цб 293127 120000829250 9.20 Книги
Vip Innovations Ltd, Rousse, Bulgaria 2025